000 00691nas a2200241 4500
001 BR0904659
003 BR-BrBNA
005 20231205113521.0
007 ta
008 230509b bl.|||p| |||| 00| 00por d
040 _aBR-BrBNA
_bpor
_cBiblioteca Nacional de Agricultura
041 _a(Pt)
072 _aF63
100 1 _aAlves, J.E.
100 1 _aFreitas, B.M.
245 1 _aRequerimento de polinização da goiabeira
650 _aGOIABA
650 _aPOLINIZAÇÃO
650 _aREPRODUÇÃO VEGETAL
773 0 _tCiência Rural (Brazil)
_xISSN 0103-8478
_g(Sep-Oct 2007), v. 37(5) p. 1281-1286
_wBR0904659
909 _a202311
_bLúcia
_c55
_dLúcia Elande
942 _2AGRIS
_n0
_cANA
999 _c204200
_d204200